000 002570000a22000970004500
100 1 _aEber, Jochen
245 1 0 _aThe year 2000 : Approaching the third
300 _aVol. 7, Núm 1 (1998), Páginas 15-25
773 0 _tEuropean Journal of Theology
942 _cANA
999 _c54011
_d54011